[Event "Tenerife-ch Seniors/Women"]
[Site "Santa Cruz de Tenerife"]
[Date "2023.03.15"]
[Round "2.8"]
[White "Montoro Salvatierra, Pedro"]
[Black "Martinez Rojas, Carlos Jose"]
[Result "0-1"]
[WhiteElo "1608"]
[BlackElo "1947"]
[PlyCount "90"]
[EventDate "2023.03.13"]
[EventType "swiss"]
[EventRounds "9"]
[EventCountry "ESP"]
[SourceTitle "EXT 2024"]
[Source "ChessBase"]
[SourceDate "2023.10.10"]
[SourceVersion "1"]
[SourceVersionDate "2023.10.10"]
[SourceQuality "1"]

1. d4 d5 2. Nf3 Nc6 3. Bf4 Bg4 4. e3 f6 5. Be2 e6 6. h3 Bh5 7. g4 Bf7 8. c3 Bd6 9. Qb3 Nge7 10. Bxd6 cxd6 11. Nbd2 0-0 12. 0-0-0 Na5 13. Qc2 Bg6 14. Bd3 b5 15. Nh4 b4 16. Nxg6 hxg6 17. Bxg6 bxc3 18. bxc3 Nxg6 19. Qxg6 Qd7 20. Nb3 Nc4 21. Qc2 Qa4 22. Rde1 Rfc8 23. Kd1 Na3 24. Qb2 Qa6 25. Re2 Rc7 26. Ke1 Rac8 27. Kf1 Rxc3 28. Kg2 Rc2 29. Rxc2 Rxc2 30. Qa1 Qd3 31. Re1 Nc4 32. Kf3 Qh7 33. Kg3 g5 34. Rf1 Qh4+ 35. Kh2 Nxe3 36. Qe1 Nxf1+ 37. Kg1 Kf7 38. Qxf1 Rc3 39. Kh2 Rf3 40. Kg1 Rxh3 41. Qg2 Rd3 42. Kf1 Qh7 43. f3 Rd1+ 44. Kf2 Qh4+ 45. Qg3 Rf1+ 0-1

[Event "Tenerife-chT Primera"]
[Site "Tenerife"]
[Date "2021.06.05"]
[Round "8.1"]
[White "Martinez Rojas, Carlos Jose"]
[Black "Mamani Beltran, Deniman"]
[Result "1/2-1/2"]
[WhiteElo "2002"]
[BlackElo "1889"]
[PlyCount "20"]
[EventDate "2021.02.27"]
[EventType "team-tourn"]
[EventRounds "14"]
[EventCountry "ESP"]
[SourceTitle "EXT 2023"]
[Source "ChessBase"]
[SourceDate "2022.10.05"]
[SourceVersion "1"]
[SourceVersionDate "2022.10.05"]
[SourceQuality "1"]
[WhiteTeam "Ebano Barrio Nuevo II"]
[BlackTeam "Fundacion La Caja de Canarias II"]
[WhiteTeamCountry "ESP"]
[BlackTeamCountry "ESP"]

1. e4 Nc6 2. d4 d5 3. exd5 Qxd5 4. Nc3 Qxd4 5. Qe2 Bg4 6. f3 Bf5 7. Nb5 Qb6 8. Be3 Qa5+ 9. Bd2 Qb6 10. Be3 Qa5+ 1/2-1/2

[Event "Santa Cruz de Tenerife Autumn op"]
[Site "Santa Cruz de Tenerife"]
[Date "2019.10.25"]
[Round "5"]
[White "Perez Perez, Gabriel"]
[Black "Martinez Rojas, Carlos Jose"]
[Result "1-0"]
[WhiteElo "2087"]
[BlackElo "2037"]
[PlyCount "59"]
[EventDate "2019.10.16"]
[EventType "swiss"]
[EventRounds "9"]
[EventCountry "ESP"]
[SourceTitle "CBM 192 Extra"]
[Source "Chessbase"]
[SourceDate "2019.11.06"]
[SourceVersion "1"]
[SourceVersionDate "2019.11.06"]
[SourceQuality "1"]

1. e4 e5 2. Nf3 Nc6 3. Bb5 f5 4. d3 Nf6 5. exf5 Bc5 6. 0-0 0-0 7. Nxe5 Nd4 8. Ba4 Qe7 9. Nf3 Ne2+ 10. Kh1 Ng4 11. Bb3+ d5 12. Bg5 Qe8 13. Bxd5+ Kh8 14. Bh4 Nf4 15. Be4 Bxf5 16. Bxf5 Rxf5 17. d4 Bd6 18. Bg3 Qh5 19. Nbd2 Raf8 20. Nh4 Nxg2 21. Kxg2 Rxf2+ 22. Kg1 Bxg3 23. hxg3 g5 24. Rxf2 Rxf2 25. Ne4 Rg2+ 26. Nxg2 Qh2+ 27. Kf1 Qh1+ 28. Ke2 Qxg2+ 29. Kd3 h5 30. Qf1 1-0

[Event "Santa Cruz de Tenerife Autumn op"]
[Site "Santa Cruz de Tenerife"]
[Date "2019.10.18"]
[Round "2"]
[White "Sanchez Martin, Jacobo"]
[Black "Martinez Rojas, Carlos Jose"]
[Result "0-1"]
[WhiteElo "1740"]
[BlackElo "2037"]
[PlyCount "58"]
[EventDate "2019.10.16"]
[EventType "swiss"]
[EventRounds "9"]
[EventCountry "ESP"]
[SourceTitle "CBM 192 Extra"]
[Source "Chessbase"]
[SourceDate "2019.11.06"]
[SourceVersion "1"]
[SourceVersionDate "2019.11.06"]
[SourceQuality "1"]

1. e4 e5 2. Nf3 Nf6 3. d3 d5 4. exd5 Qxd5 5. Be2 Nc6 6. Nc3 Bb4 7. 0-0 Bxc3 8. bxc3 Bg4 9. Ba3 0-0-0 10. c4 Qa5 11. Qc1 e4 12. dxe4 Bxf3 13. Bxf3 Nd4 14. c3 Nxf3+ 15. gxf3 Rd3 16. Bb4 Qh5 17. e5 Rg8 18. Re1 Rxf3 19. Re3 Qg4+ 20. Kh1 Ne4 21. Rxe4 Qxe4 22. Kg1 Qg4+ 23. Kf1 Rd8 24. Qc2 Rfd3 25. Re1 Qf3 26. Bc5 b6 27. Be3 Rxe3 28. Rxe3 Rd1+ 29. Re1 Qh1+ 0-1

[Event "Tenerife-ch"]
[Site "Tenerife"]
[Date "2019.04.24"]
[Round "7"]
[White "Hidalgo Santana, Fernando"]
[Black "Martinez Rojas, Carlos Jose"]
[Result "1-0"]
[WhiteElo "2116"]
[BlackElo "2052"]
[PlyCount "93"]
[EventDate "2019.04.03"]
[EventType "tourn"]
[EventRounds "9"]
[EventCountry "ESP"]
[SourceTitle "CBM 190 Extra"]
[Source "ChessBase"]
[SourceDate "2019.07.15"]
[SourceVersion "1"]
[SourceVersionDate "2019.07.15"]
[SourceQuality "1"]

1. g3 d5 2. Bg2 e5 3. c4 d4 4. d3 c5 5. b4 cxb4 6. a3 b3 7. Nd2 b2 8. Bxb2 Nc6 9. Ngf3 Nf6 10. 0-0 Be7 11. Re1 0-0 12. Qc2 Bf5 13. h3 Qd7 14. Kh2 Ne8 15. Nb3 a5 16. a4 Ra6 17. Ba3 Bxa3 18. Rxa3 Nb4 19. Qc1 Rh6 20. h4 Qc7 21. Qd2 f6 22. Raa1 Be6 23. Rab1 b6 24. Na1 Nd6 25. Nc2 Nxc2 26. Qxc2 Nf5 27. Kg1 Rg6 28. Qb2 Rb8 29. Rec1 Nxg3 30. c5 Nh5 31. cxb6 Qf7 32. Kf1 Rxg2 33. Kxg2 Nf4+ 34. Kf1 Qg6 35. b7 Qg2+ 36. Ke1 Nxd3+ 37. exd3 Qxf3 38. Qb6 Qg4 39. Rc6 Qg1+ 40. Kd2 Qxf2+ 41. Kc1 Qe1+ 42. Kb2 Qd2+ 43. Rc2 Qb4+ 44. Qxb4 axb4 45. Rc7 h5 46. a5 Kh7 47. a6 1-0

[Event "Tenerife-ch"]
[Site "Tenerife"]
[Date "2019.04.03"]
[Round "1"]
[White "Martinez Rojas, Carlos Jose"]
[Black "Lopez Pereyra, Antonio"]
[Result "0-1"]
[WhiteElo "2052"]
[BlackElo "2016"]
[PlyCount "88"]
[EventDate "2019.04.03"]
[EventType "tourn"]
[EventRounds "9"]
[EventCountry "ESP"]
[SourceTitle "CBM 190 Extra"]
[Source "ChessBase"]
[SourceDate "2019.07.15"]
[SourceVersion "1"]
[SourceVersionDate "2019.07.15"]
[SourceQuality "1"]

1. d4 f5 2. Nc3 d5 3. e4 dxe4 4. f3 Nf6 5. Bg5 Nc6 6. d5 Ne5 7. Qd4 Nf7 8. Bxf6 exf6 9. fxe4 fxe4 10. Bb5+ Bd7 11. Qxe4+ Be7 12. Qa4 Ne5 13. Nf3 c6 14. dxc6 bxc6 15. Bc4 Qb6 16. 0-0-0 Rb8 17. Bb3 Qe3+ 18. Kb1 Rb4 19. Qa6 Qb6 20. Qe2 Bg4 21. Rhe1 a5 22. Rd2 Qa7 23. Nxe5 Bxe2 24. Nxc6 Qc5 25. Nxb4 axb4 26. Nd5 Bc4 27. Ba4+ Kf7 28. Nxe7 Ra8 29. Bb3 Bxb3 30. cxb3 Ra7 31. Nd5 Qa5 32. Ne3 Qxa2+ 33. Kc2 Re7 34. Rde2 Rc7+ 35. Nc4 Qa6 36. Re4 Qc6 37. Kb1 Qd5 38. R4e2 Qd3+ 39. Rc2 Rxc4 40. bxc4 b3 41. Rec1 Ke7 42. c5 Kd7 43. c6+ Kc7 44. h3 f5 0-1

[Event "Tenerife-chT Preferente 1819"]
[Site "Tenerife"]
[Date "2019.03.30"]
[Round "12.2"]
[White "Martinez Rojas, Carlos Jose"]
[Black "Rodriguez Torres, Cristo"]
[Result "1-0"]
[WhiteElo "2021"]
[BlackElo "1788"]
[PlyCount "41"]
[EventDate "2018.11.24"]
[EventType "team-tourn"]
[EventRounds "14"]
[EventCountry "ESP"]
[SourceTitle "CBM 189 Extra"]
[Source "ChessBase"]
[SourceDate "2019.06.03"]
[SourceVersion "1"]
[SourceVersionDate "2019.06.03"]
[SourceQuality "1"]
[WhiteTeam "Al Shah Mat Los Realejos"]
[BlackTeam "Circulo de Amistad"]
[WhiteTeamCountry "ESP"]
[BlackTeamCountry "ESP"]

1. e4 e5 2. Nc3 Nc6 3. f4 f5 4. fxe5 fxe4 5. d4 d5 6. Bb5 Bb4 7. Nge2 Nge7 8. 0-0 Bf5 9. Ng3 0-0 10. Nce2 Bg6 11. c3 Ba5 12. Nf4 Qd7 13. Be3 a6 14. Be2 Bb6 15. Bg4 Bf5 16. Nxf5 Nxf5 17. Qb3 Na5 18. Bxf5 Rxf5 19. Qxd5+ Qxd5 20. Nxd5 Raf8 21. Ne7+ 1-0

[Event "Tenerife-chT Preferente 1819"]
[Site "Tenerife"]
[Date "2019.03.23"]
[Round "11.3"]
[White "Martinez Rojas, Carlos Jose"]
[Black "Lopez Pereyra, Antonio"]
[Result "1-0"]
[WhiteElo "2021"]
[BlackElo "2066"]
[PlyCount "51"]
[EventDate "2018.11.24"]
[EventType "team-tourn"]
[EventRounds "14"]
[EventCountry "ESP"]
[SourceTitle "CBM 189 Extra"]
[Source "ChessBase"]
[SourceDate "2019.06.03"]
[SourceVersion "1"]
[SourceVersionDate "2019.06.03"]
[SourceQuality "1"]
[WhiteTeam "Al Shah Mat Los Realejos"]
[BlackTeam "Canarias 64"]
[WhiteTeamCountry "ESP"]
[BlackTeamCountry "ESP"]

1. d4 Nf6 2. Nc3 c5 3. d5 e5 4. dxe6 fxe6 5. e4 Nc6 6. Nf3 Qc7 7. Bb5 Nd4 8. e5 Nxf3+ 9. Qxf3 Qxe5+ 10. Be3 a6 11. Bd3 Be7 12. 0-0-0 0-0 13. g4 Nd5 14. Qh3 g6 15. Nxd5 exd5 16. f4 Qg7 17. f5 g5 18. Qf3 Qf7 19. c4 d4 20. Bd2 d6 21. Rde1 Rb8 22. h4 b5 23. hxg5 bxc4 24. g6 hxg6 25. Qh3 Bf6 26. fxg6 1-0